The principles of sustainability / (Record no. 15666)

MARC details
000 -LEADER
fixed length control field 01041cam a22003014a 4500
001 - CONTROL NUMBER
control field 12704348
003 - CONTROL NUMBER IDENTIFIER
control field 000
005 - DATE AND TIME OF LATEST TRANSACTION
control field 20170822120614.0
007 - PHYSICAL DESCRIPTION FIXED FIELD--GENERAL INFORMATION
fixed length control field 000
008 - FIXED-LENGTH DATA ELEMENTS--GENERAL INFORMATION
fixed length control field 020314s2002 enk b 001 0 eng
010 ## - LIBRARY OF CONGRESS CONTROL NUMBER
LC control number 2002004127
020 ## - INTERNATIONAL STANDARD BOOK NUMBER
International Standard Book Number 1853838411 (hbk. : alk. paper)
International Standard Book Number 185383842X (pbk. : alk. paper)
040 ## - CATALOGING SOURCE
Original cataloging agency UOEL
Transcribing agency DLC
Modifying agency DLC
042 ## - AUTHENTICATION CODE
Authentication code pcc
050 00 - LIBRARY OF CONGRESS CALL NUMBER
Classification number HD75.6
Item number .D736 2002
082 00 - DEWEY DECIMAL CLASSIFICATION NUMBER
Classification number 338.9/27
Edition number 21
100 1# - MAIN ENTRY--PERSONAL NAME
Personal name Dresner, Simon,
Dates associated with a name 1969-
245 14 - TITLE STATEMENT
Title The principles of sustainability /
Statement of responsibility, etc. Simon Dresner.
260 ## - PUBLICATION, DISTRIBUTION, ETC. (IMPRINT)
Place of publication, distribution, etc. London ;
-- Sterling, VA :
Name of publisher, distributor, etc. Earthscan Publications Ltd,
Date of publication, distribution, etc. 2002.
300 ## - PHYSICAL DESCRIPTION
Extent 200 p. ;
Dimensions 24 cm.
504 ## - BIBLIOGRAPHY, ETC. NOTE
Bibliography, etc Includes bibliographical references (p. [186]-191) and index.
650 #0 - SUBJECT ADDED ENTRY--TOPICAL TERM
Topical term or geographic name as entry element Sustainable development.
Topical term or geographic name as entry element Economic development
General subdivision Environmental aspects.
906 ## - LOCAL DATA ELEMENT F, LDF (RLIN)
a 7
b cbc
c orignew
d 1
e ecip
f 20
g y-gencatlg
942 ## - ADDED ENTRY ELEMENTS (KOHA)
Source of classification or shelving scheme Library of Congress Classification
Koha item type SES Book
Holdings
Withdrawn status Lost status Source of classification or shelving scheme Damaged status Not for loan Home library Current library Shelving location Date acquired Total Checkouts Full call number Barcode Date last seen Copy number Price effective from Koha item type
    Library of Congress Classification     UOE Main Library UOE Main Library Open shelf 22/08/2017   HD75.6 .D736 2002 20055665 27/04/2026 20055665 22/08/2017 SES Book